Operational manual for labour sections of Sri Lankan diplomatic missions in labour receiving countries: (Record no. 4547)

MARC details
000 -LEADER
fixed length control field 00549nam a2200133 4500
008 - FIXED-LENGTH DATA ELEMENTS--GENERAL INFORMATION
fixed length control field 231224b |||||||| |||| 00| 0 eng d
082 ## - DEWEY DECIMAL CLASSIFICATION NUMBER
Classification number 306.36
Item number OPE
942 ## - ADDED ENTRY ELEMENTS (KOHA)
Item Type Reports
245 ## - TITLE STATEMENT
Title Operational manual for labour sections of Sri Lankan diplomatic missions in labour receiving countries:
Sub Title ensuring the protection and welfare of migrant workers
260 ## - PUBLICATION, DISTRIBUTION, ETC. (IMPRINT)
Place of Publication Colombo:
Name of Publisher ILO country office for Sri Lanka and the Maldives,
Date of Copyright 2013
300 ## - PHYSICAL DESCRIPTION
Extent 160 p.
856 ## - ELECTRONIC LOCATION AND ACCESS
Uniform Resource Identifier <a href="https://www.ilo.org/dyn/migpractice/docs/270/Manual.pdf">https://www.ilo.org/dyn/migpractice/docs/270/Manual.pdf</a>
650 ## - SUBJECT ADDED ENTRY--TOPICAL TERM
Topical Term MIGRANT WORKERS-Sri Lanka
Holdings
Withdrawn status Lost status Source of classification or shelving scheme Damaged status Not for loan Permanent location Current location Date acquired Total Checkouts Full call number Barcode Date last seen Price effective from Koha item type
    Dewey Decimal Classification     Resource center, Muslim Women's Research And Action Forum Resource center, Muslim Women's Research And Action Forum 2023-12-24   306.36 OPE RAF4607 2023-12-24 2023-12-24 Reports

Copyright © 2023 Muslim Women's Research and Action Forum (MWRAF), No 27/3, Anderson Road, Kalubowila, Dehiwela. Funded by The Asia Fundation